00482nam a2200169Ia 4500003000400000005001700004008004100021020002900062040001700091082002000108100002100128245005700149260003000206300001700236650002900253650003000282IIN20240103121619.0231217s9999 xx 000 0 und d cRs.750.00a9788131249949 aIINbEnglish a362.10425 bPAT1 aPatil, Rajkumar 1 aCommunity MedicinebPractical ManualcRajkumar Patil bElsevieraNew Delhic2018 aviii, 376 p.1 aCommunity health nursing1 aCommunity health services